| 000 | 00917nam a2200241 i 4500 | ||
|---|---|---|---|
| 001 | 182149 | ||
| 003 | ES-MaACL | ||
| 005 | 20250809015523.0 | ||
| 008 | 130620s2003 sp | |||| ||spa d | ||
| 020 | _a978-84-609-8954-7 | ||
| 080 | _a34(460)(091) | ||
| 100 | 1 |
_aEscudero, José Antonio. _947686 |
|
| 245 | 1 | 0 |
_aCurso de historia del derecho _b: fuentes e instituciones político-administrativas / _cJosé Antonio Escudero. |
| 250 | _a[3ª ed. rev.]. | ||
| 260 |
_aMadrid : _bJ.A. Escudero, _c2003 ( _eMadrid : _fSolana e Hijos) |
||
| 300 |
_aXIII, 985 p. ; _c24 cm. |
||
| 504 | _aIncluye referencias bibliográficas. | ||
| 650 | 0 | 4 |
_aDerecho- _zEspaña- _vHistoria _911614 |
| 852 |
_aES-MaACL _jA-12717 _9189060 _bR.148829 _cDEPO1 _dOlim: N-5717 _xDonación: José Luis Abellán |
||
| 903 |
_aAbellán, José Luis, _d1933-2023 _ednr _q1 _9176509 |
||
| 942 |
_2udc _cMONOGRAFIA |
||
| 999 |
_c182149 _d182149 |
||